京浜急行電鉄の歴代全駅名 - Statistics

General Stats
  • This quiz has been taken 96 times
  • The average score is 94 of 186
Answer Stats
No. 駅名 存在時期 % Correct
A07 泉岳寺 -1968
95%
KK01 品川 -1933
95%
KK02 品川 1904-1925
95%
KK02 北品川 -1925
93%
KK03 新馬場 -1976
88%
KK04 青物横丁 19??-
88%
KK11 京急蒲田 -1987
85%
KK05 鮫洲 -1904
84%
KK37 横浜 -1929
84%
廃止 大森 19??-1937
83%
KK20 京急川崎 -1987
81%
KK35 京急東神奈川 -2020
81%
KK44 上大岡 -1930
81%
KK06 立会川 -1904
80%
KK14 羽田 1914-1915
80%
廃止 羽田空港 1956-1993
80%
KK15 羽田 1993-1998
80%
KK17 羽田空港 1998-2010
80%
KK36 神奈川 -1956
80%
廃止 神奈川 19??-1925
80%
KK49 金沢文庫 -1930
80%
KK59 横須賀中央 -1930
80%
KK72 三崎口 -1975
80%
KK07 大森海岸 -1933
79%
KK29 京急鶴見 -1987
79%
KK34 神奈川新町 -1927
79%
KK50 金沢八景 -1930
79%
KK53 逗子・葉山 -2020
79%
KK64 浦賀 -1930
79%
KK67 京急久里浜 -1987
79%
KK71 三浦海岸 -1966
79%
KK08 平和島 -1961
77%
KK09 大森町 -1952
77%
廃止 六郷 1901-1902
77%
KK19 六郷土手 19??-
77%
KK20 川崎 1902-1925
77%
廃止 川崎 1899-1906
77%
KK29 鶴見 1905-1925
77%
KK32 京急新子安 -1987
77%
KK43 弘明寺 -1930
77%
KK53 新逗子 1985-2020
77%
KK68 YRP野比 -1998
77%
KK10 梅屋敷 -1901
76%
KK61 堀ノ内 -1961
76%
KK17 羽田空港第1・第2ターミナル -2020
76%
KK16 羽田空港第3ターミナル -2020
76%
KK15 天空橋 -1998
75%
KK33 子安 1905
75%
KK40 黄金町 -1930
75%
KK55 京急田浦 -1987
75%
廃止 穴守 1902-1913
73%
KK14 穴守稲荷 -1956
73%
廃止 穴守 1913-1971
73%
KK26 小島新田 -1944
73%
KK30 花月総持寺 -2020
73%
KK35 仲木戸 1915-2020
73%
KK38 戸部 -1931
73%
KK54 追浜 -1930
73%
KK60 県立大学 -2004
73%
KK65 新大津 -1948
73%
KK12 糀谷 -1902
72%
KK23 川崎大師 -1925
72%
KK28 鶴見市場 -1927
72%
KK30 花月園前 1914-2020
72%
KK41 南太田 -1930
72%
KK46 杉田 -1930
72%
KK63 馬堀海岸 -1930
72%
KK17 羽田空港国内線ターミナル 2010-2020
71%
KK18 雑色 -1901
71%
KK23 大師 1899-1925
71%
KK27 八丁畷 -1915
71%
KK39 日ノ出町 -1931
71%
KK52 神武寺 -1931
71%
KK62 京急大津 -1987
71%
KK11 蒲田 1901-1925
69%
KK13 大鳥居 -1902
69%
KK22 鈴木町 -1944
69%
KK31 生麦 -1905
69%
KK42 井土ヶ谷 -1930
69%
KK47 京急富岡 -1987
69%
KK51 六浦 -1949
69%
KK56 安針塚 -1940
69%
KK66 北久里浜 -1963
69%
KK70 津久井浜 -1966
69%
KK11 京浜蒲田 1925-1987
68%
KK20 京浜川崎 1925-1987
68%
KK68 野比 1963-1998
68%
KK69 京急長沢 -1987
68%
KK16 羽田空港国際線ターミナル 2010-2020
67%
KK21 港町 -1944
67%
KK32 新子安 1910-1943
67%
KK57 逸見 -1930
67%
KK58 汐入 -1961
67%
KK67 久里浜 1942-1944
67%
KK25 大師橋 -2020
65%
KK29 京浜鶴見 1925-1987
65%
KK45 屛風浦 19??-
65%
KK67 京浜久里浜 1963-1987
65%
廃止 北馬場 1904-1944
64%
KK03 北馬場 1946-1976
64%
KK32 京浜新子安 1943-1987
64%
KK48 能見台 -1982
64%
KK03 南馬場 1904-1976
63%
KK24 東門前 -1925
63%
KK25 産業道路 1944-2020
63%
KK55 京浜田浦 1963-1987
61%
KK47 京浜富岡 1963-1987
60%
KK62 京浜大津 1963-1987
60%
KK69 京浜長沢 1966-1987
52%
廃止 高輪 1925-1933
51%
KK34 新町 1915-1927
51%
KK53 逗子海岸 1948-1985
49%
KK53 京浜逗子 1963-1985
48%
KK45 屛風ヶ浦 1930-19??
47%
廃止 平沼 1931-1944
44%
KK60 京急安浦 1987-2004
44%
KK60 京浜安浦 1963-1987
41%
KK53 湘南逗子 1930-1931
36%
KK53 湘南逗子 1942-1963
36%
廃止 キリン 1944-1949
35%
KK55 湘南田浦 1930-1963
35%
KK62 湘南大津 1930-1963
35%
KK47 湘南富岡 1947-1963
33%
廃止 湘南富岡 1930-1947
33%
KK67 湘南久里浜 1944-1963
33%
KK28 市場 1905-1927
29%
KK08 学校裏 19??-1961
28%
KK36 京浜神奈川 1930-1956
28%
廃止 京浜神奈川 1925-1930
28%
廃止 六郷橋 1906-1949
25%
廃止 総持寺 1911-1944
25%
KK35 中木戸 1905-1915
24%
KK48 谷津坂 1944-1982
24%
廃止 鈴ヶ森 1904-1942
23%
KK07 海岸 1904-1933
23%
廃止 海岸 1901-1904
23%
廃止 塩浜 1944-1970
20%
廃止 キリンビール前 1932-1944
20%
KK22 味の素前 1929-1944
17%
KK36 青木橋 1930
17%
KK03 北馬場・南馬場 1975-1976
15%
廃止 浜川 1904-1944
15%
KK04 青物横町 1904-19??
13%
廃止 桜本 1945-1952
13%
廃止 反町 1905-1930
13%
KK56 軍需部前 1934-1940
13%
KK14 稲荷橋 1915-1956
12%
KK21 コロムビア前 1932-1944
12%
KK58 横須賀軍港 1930-1940
12%
KK58 横須賀汐留 1940-1961
12%
KK65 鳴神 1942-1948
12%
KK66 昭南 1942-1948
12%
廃止 競馬場前 1929
11%
廃止 出村 1901-1949
11%
KK53 湘南逗子葉山口 1931-1942
11%
KK60 横須賀公郷 1930-1963
11%
KK61 横須賀堀内 1930-1961
11%
KK66 湘南井田 1948-1963
11%
KK07 八幡 1901-1904
9%
廃止 八幡 1905-19??
9%
廃止 大森八幡 19??-1944
9%
廃止 大森山谷 19??-1949
9%
KK51 六浦荘 1943-1949
9%
廃止 久根崎 1918-1928
8%
廃止 入江崎 1944-1952
8%
廃止 大森停車場前 1901-19??
7%
KK08 沢田 1901-19??
7%
廃止 山谷 1901-19??
7%
廃止 河川事務所前 1929-1931
7%
KK53 湘南逗子沼間口 1931-1942
7%
廃止 大横町 1904-1908
5%
廃止 黒門 1904
5%
廃止 八幡塚 1902-1906
5%
KK19 六郷堤 1906-19??
5%
廃止 中町 1902-1906
5%
廃止 池端 1899-1928
5%
廃止 海晏寺 1904
4%
廃止 土佐山 1904-1912
4%
廃止 大森海水浴場前 1926-1929
4%
廃止 下町 1901-1923
4%
廃止 新宿 19??-1926
4%
廃止 発電所前 1899-1918
4%
廃止 花見橋 1899-19??
4%
廃止 神奈川停車場前 1905-19??
4%
廃止 下新宿 1902-19??
3%
廃止 停車場道 1904-1905
1%
No matching quizzes found
Score Distribution
Percent of People with Each Score
Percentile by Number Answered
Your Score History
You have not taken this quiz